Applied factorial and fractional designs
Αποθηκεύτηκε σε:
| Κύριος συγγραφέας: | |
|---|---|
| Άλλοι συγγραφείς: | |
| Μορφή: | Βιβλίο |
| Γλώσσα: | English |
| Δημοσίευση: |
New York :
Marcel Dekker,
c1984
|
| Σειρά: | Statistics, textbooks and monographs ;
; 55 |
| Θέματα: | |
| Ετικέτες: |
Προσθήκη ετικέτας
Δεν υπάρχουν, Καταχωρήστε ετικέτα πρώτοι!
|
MARC
| LEADER | 00000nam a2200000 i 4500 | ||
|---|---|---|---|
| 001 | 1/18585 | ||
| 008 | 981021s1984 eng d | ||
| 020 | |a 0-8247-7154-0 | ||
| 035 | |l 10020965 | ||
| 040 | |a GR-MY-UA |b gre |e aacr | ||
| 041 | 0 | |a eng | |
| 082 | 0 | |a 519.5 | |
| 100 | 1 | |a McLean, Robert A. | |
| 245 | 1 | 0 | |a Applied factorial and fractional designs / |c Robert A. McLean; Virgil L. Anderson |
| 260 | |a New York : |b Marcel Dekker, |c c1984 | ||
| 300 | |a 373 p. |b tabl. | ||
| 490 | 1 | |a Statistics, textbooks and monographs |v ; 55 | |
| 504 | |a Incudes Index | ||
| 650 | 0 | 0 | |a Factorial experiment designs. |
| 700 | 1 | |a Anderson, Virgin L. |q (Virgil Lee) |d 1922- | |
| 830 | 0 | |a Statistics, textbooks and monographs ; |v ; 55 | |
| 852 | |a INST |b LESVOS |e 19981021 |h 519.5 MCL |p 005100018666 |q 005100018666 |t BK |y 0 | ||
| 901 | |a BIBL-1998-3 | ||
| 909 | |a Λ |b 059716 | ||
| 922 | |a 1ΕΛΗ |b 199809 |c ΚΠΣ/ΤΠ |d ΠΑΠΑΣΩΤΗΡΙΟΥ | ||
| 950 | |a 107-1998-04-07 | ||